Les 25 pays au taux d'incarcération le plus élevé - Statistiques

Statistiques générales
  • Ce quiz a été pris 109 fois
  • Le résultat moyen est 7 sur 25
Statistiques - réponses
Rang Pays Taux % Correct
1 Etats-Unis 655
98%
15 Russie 385
88%
19 Brésil 337
86%
5 Cuba 510
47%
22 Turquie 318
45%
4 Thaïlande 529
41%
12 Panama 395
40%
18 Biélorussie 343
39%
2 Salvador 627
39%
16 Costa Rica 374
29%
20 Uruguay 321
28%
17 Belize 356
21%
8 Bahamas 438
12%
3 Turkménistan 552
11%
23 Barbade 300
9%
11 Saint-Vincent-et-les-Grenadines 426
8%
7 Rwanda 464
7%
20 Antigua-et-Barbuda 321
6%
10 Grenade 435
6%
6 Maldives 499
6%
14 Saint-Christophe-et-Niévès 393
6%
25 Namibie 295
5%
24 Cap-vert 298
4%
12 Palaos 395
1%
9 Seychelles 437
1%
Aucun quiz correspondant
Distribution des résultats
% des personnes avec chaque résultat
Percentile par nombre de réponses
Votre historique - résultats
Vous n’avez pas pris ce quiz